objective arithmetic fro all retitive examinations (Record no. 152573)

MARC details
000 -LEADER
fixed length control field 00819nam a22002537a 4500
003 - CONTROL NUMBER IDENTIFIER
control field dpl
005 - DATE AND TIME OF LATEST TRANSACTION
control field 20180606162445.0
008 - FIXED-LENGTH DATA ELEMENTS--GENERAL INFORMATION
fixed length control field 180606b xxu||||| |||| 00| 0 eng d
010 ## - LIBRARY OF CONGRESS CONTROL NUMBER
LC control number B-045903
020 ## - INTERNATIONAL STANDARD BOOK NUMBER
Terms of availability 00.00
International Standard Book Number 8176030120
035 ## - SYSTEM CONTROL NUMBER
System control number B-045903
037 ## - SOURCE OF ACQUISITION
Source of stock number/acquisition bppd/pub
040 ## - CATALOGING SOURCE
Original cataloging agency DPL
Language of cataloging EN
Transcribing agency 0
082 ## - DEWEY DECIMAL CLASSIFICATION NUMBER
Classification number 630
Item number MAN
245 ## - TITLE STATEMENT
Title objective arithmetic fro all retitive examinations
Statement of responsibility, etc by manish puri [and] S.K.Arora
260 ## - PUBLICATION, DISTRIBUTION, ETC. (IMPRINT)
Name of publisher, distributor, etc iims publications
Place of publication, distribution, etc new Delhi
Date of publication, distribution, etc 2001
270 ## - ADDRESS
Address 6/18 jangpura extension near road
City new Delhi
Postal code 110014
300 ## - PHYSICAL DESCRIPTION
Extent vi,412p. :
Dimensions 18cm(Hb)
Other physical details ill.
650 ## - SUBJECT ADDED ENTRY--TOPICAL TERM
Topical term or geographic name as entry element Management of Agriculture
9 (RLIN) 33327
650 ## - SUBJECT ADDED ENTRY--TOPICAL TERM
Topical term or geographic name as entry element People's participation in extension
9 (RLIN) 33328
700 ## - ADDED ENTRY--PERSONAL NAME
Personal name arora s.k
9 (RLIN) 33329
700 ## - ADDED ENTRY--PERSONAL NAME
Personal name puri manish
9 (RLIN) 94010
942 ## - ADDED ENTRY ELEMENTS (KOHA)
Source of classification or shelving scheme Dewey Decimal Classification
Koha item type English Books
Classification part 181.02
Call number suffix aro
Holdings
Withdrawn status Lost status Source of classification or shelving scheme Damaged status Not for loan Collection code Home library Current library Date acquired Source of acquisition Cost, normal purchase price Total Checkouts Total Renewals Full call number Barcode Date last seen Date checked out Cost, replacement price Price effective from Koha item type
    Dewey Decimal Classification     Non-fiction Shahdara Branch Shahdara Branch 06/06/2018 BPPD/PUB 0.00 2 3 181.02 aro B-045903 20/08/2018 05/07/2018 0.00 06/06/2018 English Books

© Delhi Public Library
Hit Counter
free hit counter